| 000 | 00961nam a22002057a 4500 | ||
|---|---|---|---|
| 005 | 20221222160401.0 | ||
| 008 | 221222b ||||| |||| 00| 0 eng d | ||
| 020 | _a9781934703922 | ||
| 040 | _cAL | ||
| 041 | _aEnglish/Germany | ||
| 082 |
_223 _a940.53 _bPOSF |
||
| 100 |
_aHeinz Postenrieder _967644 |
||
| 245 | _aFeldzug im Osten : Campaign in the East | ||
| 260 |
_aUSA _bChris Miller _c2010 |
||
| 300 |
_a289 p. _bPB _c22x15 cm. |
||
| 520 | _aWorld War II diary of Private First Class Heinz Postenrieder, German soldier who served during the campaign in Russia and as a prisoner of war. An expert photographer, Postenrieder's book includes over 150 photographs of his time in the war. The book was originally written in German but includes the English translation of his diary by Postenrieder's daughter Christine Miller. | ||
| 650 |
_aCampaign in the East Aug 2 1941-April 19 1942 _967645 |
||
| 700 |
_aPOSTENRIEDER (Heinz) _967646 |
||
| 942 |
_2ddc _cDB |
||
| 999 |
_c226068 _d226068 |
||